000 11028nas1a22008171i 4500
001 RU\NLR\INFOCOMM7\5000051003
005 20240726054025.0
011 _a0208-1032
035 _a(NLR Aleph) 002428417
090 _a1970647
_c1970647
100 _a20040207c1983 |||y0rusy50 ca
101 0 _arus
102 _aRU
110 _aayuzz 0|y|
200 1 _aЧерная металлургия
_eОбзор. информ.
_iСерия "Подготовка сырьевых материалов к металлургическому переделу и производство чугуна"
_fЦНИИ информ. и техн.-экон. исслед. чер. металлургии
210 _aМ.
_d1983-
300 _aВ надзаг. также: М-во чер. металлургии СССР
311 _aОбразовано в результате объединения: Черная металлургия. Серия "Под готовка сырьевых материалов к металлургическому переделу" (Ш.:П10/3636) и ...Серия "Производство чугуна" (Ш.:П10/3637)
436 0 _12001#$aЧерная металлургия$iСерия "Подготовка сырьевых материалов к металлургическому переделу
_1852##$aNLR$jП10/3636
_tЧерная металлургия
436 0 _12001#$aЧерная металлургия$iСерия "Производство чугуна"
_1852##$aNLR$jП10/3637
_tЧерная металлургия
801 1 _aRU
_bInfoComm
_c20040207
801 0 _aRU
_bNLR
_gPSBO
852 _aNLR
_jП10/5977
942 _cJOURNAL
980 _aRUSPER